German License Plates - Statistics

General Stats
  • This quiz has been taken 591 times
  • The average score is 23 of 32
Answer Stats
Letter City % Correct
B Berlin
98%
F Frankfurt am Main
91%
K Cologne
90%
HH Hamburg
90%
M Munich
90%
D Düsseldorf
88%
DO Dortmund
85%
E Essen
85%
H Hanover
85%
BN Bonn
84%
N Nuremberg
81%
AC Aachen
80%
S Stuttgart
80%
L Leipzig
78%
DD Dresden
76%
A Augsburg
75%
DU Duisburg
73%
BI Bielefeld
71%
P Potsdam
67%
KA Karlsruhe
65%
BO Bochum
64%
KI Kiel
64%
HB Bremen
63%
GE Gelsenkirchen
62%
C Chemnitz
61%
MA Mannheim
60%
WI Wiesbaden
59%
W Wuppertal
51%
KR Krefeld
45%
BS Braunschweig
43%
MG Mönchengladbach
43%
MS Münster
43%
No matching quizzes found
Score Distribution
Percent of People with Each Score
Percentile by Number Answered
Your Score History
You have not taken this quiz